[Event "World Blitz 2015"]
[Site "Berlin GER"]
[Date "2015.10.13"]
[Round "6.50"]
[White "Bachmann, Axel"]
[Black "Ernst, Sipke"]
[Result "1-0"]
[WhiteTitle "GM"]
[BlackTitle "GM"]
[WhiteElo "2593"]
[BlackElo "2527"]
[WhiteFideId "3700488"]
[BlackFideId "1004689"]
[EventDate "2015.10.13"]

1. g3 d5 2. Nf3 c6 3. Bg2 Bg4 4. O-O Nd7 5. d3 e5 6. e4 Ngf6 7. Qe2 dxe4 8. dxe4
Be7 9. h3 Bh5 10. Nbd2 Qc7 11. a4 a5 12. Nc4 O-O 13. g4 Bg6 14. Nh4 Nc5 15. Nxg6
hxg6 16. f4 Nfd7 17. f5 Rae8 18. g5 Nxa4 19. fxg6 fxg6 20. Rxa4 b5 21. Rxa5 bxc4
22. Qxc4+ Kh7 23. Ra1 Rxf1+ 24. Bxf1 Qb6+ 25. Kh1 Rf8 26. Bg2 Qd4 27. Qxd4 exd4
28. Ra7 Rd8 29. Bf4 d3 30. cxd3 Nc5 31. Rxe7 1-0

[Event "World Blitz 2015"]
[Site "Berlin GER"]
[Date "2015.10.13"]
[Round "6.51"]
[White "Riff, Jean-Noel"]
[Black "Safarli, Eltaj"]
[Result "0-1"]
[WhiteTitle "GM"]
[BlackTitle "GM"]
[WhiteElo "2499"]
[BlackElo "2657"]
[WhiteFideId "611190"]
[BlackFideId "13402129"]
[EventDate "2015.10.13"]

1. e4 e5 2. Nf3 Nc6 3. Bb5 a6 4. Ba4 d6 5. O-O Bd7 6. c3 g6 7. d4 Bg7 8. d5 Nce7
9. Bxd7+ Qxd7 10. Be3 h6 11. Nfd2 f5 12. f3 Nf6 13. c4 O-O 14. Nc3 c5 15. Rb1 b5
16. b3 g5 17. cxb5 axb5 18. a4 b4 19. Nb5 g4 20. Qe2 gxf3 21. gxf3 Kh7 22. Kh1
fxe4 23. fxe4 Ng4 24. Rg1 h5 25. Rg3 Ng6 26. Rbg1 Nf4 27. Qf1 Bh6 28. Nc4 Nxd5
29. Qe2 Ndxe3 30. Nxe3 Nf2+ 31. Kg2 h4 32. Rf3 Bxe3 33. Qxe3 Rxf3 34. Qxf3 Ng4
35. Kh1 Rg8 36. h3 Nf2+ 37. Qxf2 Qxh3+ 38. Qh2 Qf3+ 39. Rg2 h3 0-1

[Event "World Blitz 2015"]
[Site "Berlin GER"]
[Date "2015.10.13"]
[Round "6.52"]
[White "Svane, Rasmus"]
[Black "Sasikiran, Krishnan"]
[Result "1/2-1/2"]
[WhiteTitle "IM"]
[BlackTitle "GM"]
[WhiteElo "2543"]
[BlackElo "2639"]
[WhiteFideId "4657101"]
[BlackFideId "5004985"]
[EventDate "2015.10.13"]

1. d4 Nf6 2. c4 g6 3. Nc3 Bg7 4. e4 d6 5. Nf3 O-O 6. Be2 e5 7. O-O Nc6 8. dxe5
Nxe5 9. Nxe5 dxe5 10. Be3 c6 11. Qa4 Bg4 12. Rfd1 Qc7 13. Bxg4 Nxg4 14. Bc5 Rfe8
15. h3 Nf6 16. Rd3 Nd7 17. Be3 Bf8 18. Qc2 Nc5 19. Rd2 Ne6 20. Rad1 Red8 21. a3
Bc5 22. Rxd8+ Rxd8 23. Rxd8+ Qxd8 24. Qd2 Bxe3 25. Qxe3 Nd4 26. Kh2 h5 27. Ne2
h4 28. Nc1 b6 29. Nd3 Qf6 30. f4 exf4 31. Qxf4 Qxf4+ 32. Nxf4 Kg7 33. g3 hxg3+
34. Kxg3 Kf6 35. Nd3 Ne6 36. h4 Ke7 37. e5 Ng7 38. Kf4 Ke6 39. Ke4 Nf5 40. Nf4+
Ke7 41. Ng2 Ke6 42. Nf4+ Ke7 43. Ng2 Ng3+ 44. Kf3 Nh5 45. Nf4 Ng7 46. Ke4 Nf5 1/2-1/2

[Event "World Blitz 2015"]
[Site "Berlin GER"]
[Date "2015.10.13"]
[Round "6.53"]
[White "Munoz Pantoja, Miguel"]
[Black "Hirneise, Tobias"]
[Result "1-0"]
[WhiteTitle "GM"]
[BlackTitle "IM"]
[WhiteElo "2441"]
[BlackElo "2457"]
[WhiteFideId "3800229"]
[BlackFideId "24600881"]
[EventDate "2015.10.13"]

1. e4 c5 2. g3 Nc6 3. Bg2 g6 4. Ne2 Bg7 5. c3 e5 6. d3 Nge7 7. Be3 d6 8. O-O O-O
9. f4 f5 10. Nd2 Be6 11. Nf3 Kh8 12. fxe5 Nxe5 13. Nxe5 Bxe5 14. d4 cxd4 15.
Nxd4 Bc4 16. Rf2 fxe4 17. Bxe4 Qd7 18. Nf3 Bg7 19. Bd4 Nf5 20. Bxf5 Rxf5 21.
Bxg7+ Qxg7 22. Qd4 Raf8 23. Qxc4 Rxf3 24. Rxf3 Rxf3 25. Re1 Rf8 26. Qh4 Qf6 27.
Qxf6+ Rxf6 28. Re7 Rf5 29. Rxb7 Rd5 30. a4 a5 31. b4 Rd3 32. bxa5 Rxc3 33. a6 1-0

[Event "World Blitz 2015"]
[Site "Berlin GER"]
[Date "2015.10.13"]
[Round "6.54"]
[White "Belov, Vladimir"]
[Black "Wagner, Dennis"]
[Result "1-0"]
[WhiteTitle "GM"]
[BlackTitle "GM"]
[WhiteElo "2614"]
[BlackElo "2575"]
[WhiteFideId "4132394"]
[BlackFideId "24650684"]
[EventDate "2015.10.13"]

1. d4 Nf6 2. c4 g6 3. Nc3 d5 4. cxd5 Nxd5 5. e4 Nxc3 6. bxc3 Bg7 7. Nf3 c5 8. h3
O-O 9. Be2 b6 10. O-O Bb7 11. Qd3 Ba6 12. Qe3 cxd4 13. cxd4 Bxe2 14. Qxe2 Nc6
15. Rd1 Nxd4 16. Nxd4 Bxd4 17. Bb2 e5 18. Bxd4 exd4 19. Rd3 Rc8 20. Rad1 Rc4 21.
Qb2 Qc7 22. Rxd4 Rc2 23. Qb3 Rc8 24. Qf3 Rc1 25. Qf6 Qc3 26. Rxc1 Qxc1+ 27. Kh2
Qc7+ 28. e5 Re8 29. f4 Qe7 30. Qc6 h5 31. Rd7 Qh4 32. Qc4 Re7 33. Rd6 Kg7 1-0

[Event "World Blitz 2015"]
[Site "Berlin GER"]
[Date "2015.10.13"]
[Round "6.55"]
[White "Carow, Johannes"]
[Black "Roiz, Michael"]
[Result "0-1"]
[WhiteTitle "FM"]
[BlackTitle "GM"]
[WhiteElo "2431"]
[BlackElo "2600"]
[WhiteFideId "24692050"]
[BlackFideId "2804158"]
[EventDate "2015.10.13"]

1. d4 Nf6 2. Bg5 d5 3. Bxf6 gxf6 4. e3 c5 5. Nc3 e6 6. Qh5 cxd4 7. exd4 Nc6 8.
O-O-O Bd7 9. f4 f5 10. Nf3 Qf6 11. Qh3 Qh6 12. Qg3 Bd6 13. Ne2 O-O-O 14. Ng5
Rhf8 15. Qe3 Kb8 16. g3 Rc8 17. Kb1 Ne7 18. Nc1 Ng8 19. Nd3 Nf6 20. Ne5 Be8 21.
c4 dxc4 22. Bxc4 Ng4 23. Nxg4 fxg4 24. Bd3 Qg7 25. Ne4 Bc7 26. Rc1 Bc6 27. Rhe1
Bb6 28. Nc5 Rfd8 29. Be4 Qxd4 30. Qxd4 Rxd4 31. Bxc6 Rxc6 32. Nb3 Rxc1+ 33. Kxc1
Rd5 34. Re2 Kc7 35. Nd2 Kd7 36. Ne4 Ke7 37. Nc3 Rd7 38. Kc2 f5 39. Na4 Bd4 40.
Nc3 Rc7 41. Kd3 Bxc3 42. bxc3 Rc5 43. c4 Ra5 44. Kd4 b6 45. Rb2 Kd6 46. Rd2 Ra3
47. Re2 h5 48. Rd2 Ke7 49. Re2 Kf6 50. Rc2 h4 51. gxh4 Rh3 52. c5 bxc5+ 53. Kxc5
Rf3 54. Rc4 Rf2 55. Ra4 Rxh2 56. Rxa7 Rxh4 57. Ra8 g3 58. Rf8+ Ke7 59. Rg8 Rg4 0-1

[Event "World Blitz 2015"]
[Site "Berlin GER"]
[Date "2015.10.13"]
[Round "6.56"]
[White "Inarkiev, Ernesto"]
[Black "Van Foreest, Jorden"]
[Result "1-0"]
[WhiteTitle "GM"]
[BlackTitle "IM"]
[WhiteElo "2660"]
[BlackElo "2548"]
[WhiteFideId "4162722"]
[BlackFideId "1039784"]
[EventDate "2015.10.13"]

1. d4 d5 2. c4 c6 3. Nf3 Nf6 4. e3 Bg4 5. h3 Bh5 6. Nc3 e6 7. g4 Bg6 8. Ne5 Nbd7
9. Nxg6 hxg6 10. a3 g5 11. Bd2 Bd6 12. Qf3 Qe7 13. O-O-O O-O-O 14. Kb1 Kb8 15.
Rc1 a6 16. Rc2 Rh6 17. c5 Bc7 18. b4 e5 19. a4 Ne4 20. Nxe4 dxe4 21. Qxe4 Nf6
22. Qd3 exd4 23. exd4 Nxg4 24. Bc3 Qf6 25. Qe2 Qf4 26. b5 Re6 27. Qxg4 Qxg4 28.
hxg4 axb5 29. axb5 cxb5 30. Bxb5 Re4 31. Be2 Rf4 32. f3 g6 33. Rd1 Rd5 34. Bc4
Rd8 35. Rd3 f5 36. Be6 fxg4 37. Bxg4 Rd5 38. Be6 Rd8 39. d5 Re8 40. Rb2 Ka7 41.
Bd2 Ra4 42. Bd7 1-0

[Event "World Blitz 2015"]
[Site "Berlin GER"]
[Date "2015.10.13"]
[Round "6.58"]
[White "Savchenko, Boris"]
[Black "Shabalov, Alexander"]
[Result "0-1"]
[WhiteTitle "GM"]
[BlackTitle "GM"]
[WhiteElo "2567"]
[BlackElo "2522"]
[WhiteFideId "4147332"]
[BlackFideId "2008572"]
[EventDate "2015.10.13"]

1. e4 c5 2. Nf3 d6 3. d4 cxd4 4. Nxd4 Nf6 5. Nc3 Nc6 6. Bg5 e6 7. Qd2 a6 8.
O-O-O Bd7 9. f3 b5 10. h4 Be7 11. g4 Ne5 12. a3 Qb8 13. Qf2 b4 14. axb4 Qxb4 15.
Bxf6 gxf6 16. Nb3 a5 17. Rd4 Qb6 18. Rd2 Qxf2 19. Rxf2 a4 20. Nd4 a3 21. bxa3
Rxa3 22. Ndb5 Ra5 23. Kd2 O-O 24. g5 Rd8 25. f4 Ng4 26. Rg2 f5 27. exf5 exf5 28.
Rh3 d5 29. Nd4 Bb4 30. Rd3 Rc8 31. Rgg3 Nf2 32. Nb3 Nxd3 33. Nxa5 Nf2 34. Ke2
Bxc3 35. Kxf2 Bxa5 36. Bd3 Re8 37. h5 Be1+ 0-1

[Event "World Blitz 2015"]
[Site "Berlin GER"]
[Date "2015.10.13"]
[Round "6.59"]
[White "Sanal, Vahap"]
[Black "Rakhmanov, Aleksandr"]
[Result "1/2-1/2"]
[WhiteTitle "IM"]
[BlackTitle "GM"]
[WhiteElo "2501"]
[BlackElo "2637"]
[WhiteFideId "6300545"]
[BlackFideId "4173708"]
[EventDate "2015.10.13"]

1. e4 c5 2. Nf3 Nf6 3. e5 Nd5 4. c4 Nc7 5. d4 cxd4 6. Qxd4 Nc6 7. Qe3 d6 8. exd6
Qxd6 9. Be2 e6 10. O-O Qc5 11. Nc3 Qxe3 12. Bxe3 Bb4 13. Rac1 O-O 14. a3 Be7 15.
Nb5 Ne8 16. Rfd1 a6 17. Nc3 Nf6 18. Na4 Nd7 19. b4 f6 20. c5 Kf7 21. Nd2 Rd8 22.
Nc4 Rb8 23. Nd6+ Bxd6 24. Rxd6 Nf8 25. Rcd1 Rxd6 26. Rxd6 Bd7 27. Nb6 Rd8 28. f4
Be8 29. Nc4 Ke7 30. Bf3 Rb8 31. Kf2 Rc8 32. g4 Nd7 33. h4 Bf7 34. h5 Ndb8 35.
Be4 h6 36. g5 Bxh5 37. gxf6+ gxf6 38. f5 Bf7 39. Bxh6 exf5 40. Bxf5 Rh8 41. Bg7
Rh5 42. Bxf6+ Ke8 43. Ne3 Rh2+ 44. Kg3 Re2 45. Ng4 Re1 46. Nh6 Rf1 47. a4 Bc4
48. Bg6+ Kf8 49. Nf5 Rg1+ 50. Kf4 Rxg6 51. b5 axb5 52. axb5 Bxb5 53. Ne3 Nd7 54.
Rxd7 Rxf6+ 55. Kg5 Rf7 56. Rd6 Rg7+ 57. Kf6 Rf7+ 58. Kg5 Ba6 59. Nf5 Rc7 60. Rh6
Kg8 61. Rg6+ Kf8 62. Rh6 Ne7 63. Rh8+ Kf7 64. Nd6+ Ke6 65. Ne4 Ke5 66. Rh4 Bd3
67. Nd6 Rxc5 68. Nxb7 Rb5 69. Nd8 Kd6+ 70. Kf6 Rf5+ 71. Kg7 Rd5 72. Nf7+ Kd7 73.
Ra4 Nf5+ 74. Kf6 Bc2 75. Ra7+ Kc6 76. Ne5+ Kb6 77. Ra8 Nd6 78. Rb8+ Kc7 79. Rb2
Be4 80. Ra2 Rd1 81. Ra7+ Kb6 82. Ra2 Bd5 83. Rb2+ Kc5 84. Nd7+ Kc6 85. Ne5+ Kc5
86. Nd7+ Kd4 87. Rb4+ Kc3 88. Rb6 Ne4+ 89. Ke5 Ba8 90. Nb8 Nc5 91. Nc6 Kc4 92.
Na5+ Kc3 93. Rh6 Nd7+ 94. Kf4 Nc5 95. Nc6 Rd5 96. Ne5 Rd8 97. Rh3+ Kd4 98. Ng6
Re8 99. Rh2 Nd3+ 100. Kg5 Be4 101. Ra2 Rg8 102. Ra4+ Ke3 103. Ra6 Nf4 104. Ra3+
Nd3 105. Ra6 Ne5 106. Ra3+ Kd4 107. Ra4+ Nc4 108. Ra6 Ke3 109. Kh6 Nd2 110. Ne7
Re8 111. Ng6 Nf3 112. Ra3+ Kf2 113. Kg7 Re6 114. Nf4 Rd6 115. Kf7 Kg3 116. Ne2+
Kg4 117. Ra4 Ng5+ 118. Ke7 Re6+ 119. Kd7 Kf3 120. Nd4+ Ke3 121. Nxe6 Nxe6 122.
Kxe6 Bd3 123. Ke5 Kd2 124. Kd4 Bg6 125. Ra2+ Kc1 126. Rg2 Bh7 127. Kc3 Kb1 128.
Rg3 Ka1 129. Rh3 Bg6 130. Rf3 Bh7 131. Re3 Bg6 132. Rg3 Bf5 133. Re3 Bg6 134.
Rh3 Bf5 135. Rg3 Be4 136. Rg5 Bh7 137. Kb3 Be4 138. Rg1+ Bb1 139. Rg5 Ba2+ 140.
Kc2 Bb1+ 141. Kc1 Ba2 142. Rc5 Bb3 143. Ra5+ Ba2 144. Re5 Bb3 145. Re3 Bg8 146.
Kc2 Bf7 147. Rg3 Be6 148. Rf3 Bd5 149. Rf1+ Ka2 150. Re1 Bf7 151. Kc3 Bd5 152.
Re5 Bf7 153. Rf5 Be6 154. Rf4 Ka1 155. Kc2 Bd5 156. Rd4 Be6 157. Rf4 Bd5 158.
Rg4 Be6 159. Rg5 Bf7 160. Rg1+ Ka2 161. Rg7 Bb3+ 162. Kc3 Be6 163. Ra7+ Kb1 164.
Re7 Bd5 165. Re5 Bf7 166. Re1+ Ka2 167. Re5 Ka1 168. Rf5 Be6 169. Rf6 Bd5 170.
Rf4 Be6 171. Kc2 Bd5 172. Rd4 Be6 173. Rf4 Bd5 174. Rf2 Be6 175. Re2 Bf7 176.
Re7 Bd5 177. Rd7 Be6 178. Rd6 Bf7 179. Kc3 Bg8 180. Rd8 Be6 181. Rf8 Bd5 182.
Rc8 Be6 183. Ra8+ Kb1 184. Rb8+ Ka1 185. Rb2 Bd5 186. Kc2 Be4+ 187. Kc1 Bd5 188.
Rd2 Be6 189. Re2 Bb3 190. Rg2 Bd5 191. Rf2 Bc4 192. Kc2 Be6 193. Rf6 Bd5 194.
Rd6 Bf7 195. Rd7 1/2-1/2

[Event "World Blitz 2015"]
[Site "Berlin GER"]
[Date "2015.10.13"]
[Round "6.60"]
[White "Rublevsky, Sergei"]
[Black "Naumann, Alexander"]
[Result "1-0"]
[WhiteTitle "GM"]
[BlackTitle "GM"]
[WhiteElo "2702"]
[BlackElo "2545"]
[WhiteFideId "4115309"]
[BlackFideId "4623169"]
[EventDate "2015.10.13"]

1. e4 e6 2. d4 d5 3. Nd2 Nf6 4. Bd3 c5 5. e5 Nfd7 6. c3 Nc6 7. Ne2 cxd4 8. cxd4
f6 9. exf6 Nxf6 10. O-O Bd6 11. Nf3 Qc7 12. Bg5 O-O 13. Rc1 Ng4 14. Ng3 g6 15.
Nd2 Nf6 16. Nb3 Qg7 17. Qd2 Bb4 18. Qe3 Re8 19. Qf4 Be7 20. Rfe1 Qf7 21. Bb5 Bd7
22. Nc5 Bxc5 23. Rxc5 Rf8 24. Rcc1 a6 25. Ba4 Ne8 26. Qe3 Nd6 27. Bxc6 bxc6 28.
Bh6 Rfe8 29. b3 Qf6 30. Bf4 Nf7 31. Nf1 a5 32. Nd2 a4 33. b4 g5 34. Bg3 h6 35.
a3 Kh7 36. Nf3 Qg6 37. h4 g4 38. Ne5 Nxe5 39. Qxe5 Rf8 40. Qd6 Rf7 41. b5 cxb5
42. Rc7 Bc8 43. Rec1 Qe4 1-0

[Event "World Blitz 2015"]
[Site "Berlin GER"]
[Date "2015.10.13"]
[Round "6.61"]
[White "Petursson, Margeir"]
[Black "Ponkratov, Pavel"]
[Result "1/2-1/2"]
[WhiteTitle "GM"]
[BlackTitle "GM"]
[WhiteElo "2520"]
[BlackElo "2604"]
[WhiteFideId "2300028"]
[BlackFideId "4157800"]
[EventDate "2015.10.13"]

1. c4 e5 2. Nc3 Nf6 3. g3 d5 4. cxd5 Nxd5 5. Bg2 Nb6 6. Nf3 Nc6 7. O-O Be7 8. d3
g5 9. a3 g4 10. Nd2 h5 11. Nc4 h4 12. b4 hxg3 13. hxg3 Nxc4 14. dxc4 Nd4 15. Nb5
c6 16. Nxd4 exd4 17. Bb2 Bf6 18. e3 Be6 19. Re1 d3 20. Bxf6 Qxf6 21. Qxd3 Rd8
22. Qe4 Kf8 23. Rad1 Re8 24. Qd4 Qh6 25. Qd6+ Kg8 26. Rd4 Qg5 27. Red1 Rh6 28.
Qf4 Qh5 29. Rd8 Qh2+ 30. Kf1 Rxd8 31. Rxd8+ Kg7 32. Qg5+ Rg6 33. Qe5+ Rf6 34.
Rd4 Bf5 35. Rd6 Be6 36. Rd4 Bf5 37. Rd6 Be6 38. Rd4 Bf5 1/2-1/2

[Event "World Blitz 2015"]
[Site "Berlin GER"]
[Date "2015.10.13"]
[Round "6.62"]
[White "Handke, Florian"]
[Black "Jumabayev, Rinat"]
[Result "1-0"]
[WhiteTitle "GM"]
[BlackTitle "GM"]
[WhiteElo "2531"]
[BlackElo "2606"]
[WhiteFideId "4634527"]
[BlackFideId "13702661"]
[EventDate "2015.10.13"]

1. d4 Nf6 2. Nf3 g6 3. c4 Bg7 4. Nc3 d5 5. cxd5 Nxd5 6. e4 Nxc3 7. bxc3 c5 8. h3
O-O 9. Be2 Nc6 10. Be3 cxd4 11. cxd4 Qa5+ 12. Bd2 Qa3 13. d5 Nd4 14. Nxd4 Bxd4
15. Rb1 f5 16. O-O Bc5 17. e5 f4 18. Bf3 Bf5 19. Rxb7 Qxa2 20. d6 exd6 21. Bc3
Be6 22. exd6 Bf7 23. Rxf7 1-0

[Event "World Blitz 2015"]
[Site "Berlin GER"]
[Date "2015.10.13"]
[Round "6.63"]
[White "Richter, Michael"]
[Black "Postny, Evgeny"]
[Result "0-1"]
[WhiteTitle "GM"]
[BlackTitle "GM"]
[WhiteElo "2517"]
[BlackElo "2658"]
[WhiteFideId "4618920"]
[BlackFideId "2804344"]
[EventDate "2015.10.13"]

1. d4 d5 2. c4 c6 3. cxd5 cxd5 4. Nf3 Nc6 5. Nc3 Nf6 6. Bf4 a6 7. Rc1 Nh5 8. Bd2
e6 9. e3 Nf6 10. Na4 Bd6 11. Nc5 O-O 12. Bd3 e5 13. dxe5 Nxe5 14. Be2 Qe7 15.
Nxe5 Qxe5 16. Nd3 Qg5 17. Bf3 Qg6 18. Bb4 Bxb4+ 19. Nxb4 Bg4 20. O-O Rad8 21.
Nc2 h5 22. Nd4 Ne4 23. Bxg4 hxg4 24. Rc7 Qb6 25. Qc2 Rd6 26. Nf5 Re6 27. Rc1 Nf6
28. Nd4 Re5 29. g3 Ne4 30. Rc8 Ree8 31. Rc7 Qf6 32. Qe2 Rb8 33. R7c2 Qg6 34. Rc7
Rfe8 35. Qd3 Qf6 36. Qe2 Qg6 37. Qd3 Re5 38. Rd7 Qf6 39. Qe2 Rh5 40. Rcc7 Rf8
41. Rxb7 Qh6 42. h4 gxh3 43. Kh2 Nf6 44. Rdc7 Qg6 45. f3 Re5 46. Rc6 Rfe8 47.
Rb3 Qh6 48. f4 Re4 49. Nf5 Qg6 50. Nd6 Rxe3 51. Rxe3 Rxe3 52. Rc8+ Kh7 53. Qd1
Qxg3+ 54. Kh1 Qg2# 0-1

[Event "World Blitz 2015"]
[Site "Berlin GER"]
[Date "2015.10.13"]
[Round "6.64"]
[White "Seel, Christian"]
[Black "Seirawan, Yasser"]
[Result "0-1"]
[WhiteTitle "IM"]
[BlackTitle "GM"]
[WhiteElo "2474"]
[BlackElo "2620"]
[WhiteFideId "4663098"]
[BlackFideId "2000032"]
[EventDate "2015.10.13"]

1. Nf3 Nf6 2. c4 e6 3. Nc3 d5 4. d4 Nbd7 5. Bf4 Bb4 6. e3 c5 7. Be2 Ne4 8. Rc1
Qa5 9. O-O Bxc3 10. bxc3 Nxc3 11. Qd2 Nxe2+ 12. Qxe2 cxd4 13. cxd5 Qxd5 14. Rfd1
O-O 15. Rxd4 Qh5 16. Rxc8 Raxc8 17. Rxd7 Rc1+ 18. Rd1 Qb5 19. Qd2 Rxd1+ 20. Qxd1
Rc8 21. h3 h6 22. Kh2 Qd5 23. Qxd5 exd5 24. Nd4 Rc1 25. Bd6 f6 26. Kg3 Kf7 27.
Kf3 Rb1 28. a3 a6 29. Bb4 g6 30. g4 b6 31. h4 a5 32. Bd6 b5 33. Nc6 b4 34. axb4
a4 35. b5 Rxb5 36. Bb4 Rb6 37. Nd8+ Ke8 38. Ba5 Rb5 39. Bc3 Kxd8 40. Bxf6+ Ke8
41. Ke2 a3 42. Kd3 a2 43. f4 Kf7 44. Be5 Ke6 45. h5 gxh5 46. gxh5 Rb1 47. Bc3
Rb3 0-1

[Event "World Blitz 2015"]
[Site "Berlin GER"]
[Date "2015.10.13"]
[Round "6.65"]
[White "Borisek, Jure"]
[Black "Olafsson, Helgi"]
[Result "1-0"]
[WhiteTitle "GM"]
[BlackTitle "GM"]
[WhiteElo "2565"]
[BlackElo "2549"]
[WhiteFideId "14603152"]
[BlackFideId "2300010"]
[EventDate "2015.10.13"]

1. e4 d5 2. exd5 Qxd5 3. Nc3 Qd6 4. d4 c6 5. Nf3 Nf6 6. h3 Bf5 7. Bc4 Nbd7 8.
O-O e6 9. Re1 Qc7 10. Nh4 Bg6 11. Nxg6 hxg6 12. a4 Bd6 13. Qf3 Rh5 14. Ne4 Nxe4
15. Rxe4 Nf6 16. Re2 O-O-O 17. b4 Bh2+ 18. Kf1 Rxd4 19. Bd3 Be5 20. Rb1 g5 21.
g4 Rh8 22. Bxg5 Nd5 23. Bd2 Nf4 24. Bxf4 Rxf4 25. Qg2 Bd4 26. b5 c5 27. b6 axb6
28. a5 bxa5 29. c3 Bf6 30. Ba6 bxa6 31. Qa8+ Kd7 32. Qxh8 Qc6 33. Rd2+ Bd4 34.
Kg1 Qe4 35. Rbd1 Rxf2 36. Rxd4+ cxd4 37. Rxd4+ Qxd4 38. cxd4 g6 39. Kxf2 1-0

[Event "World Blitz 2015"]
[Site "Berlin GER"]
[Date "2015.10.13"]
[Round "6.66"]
[White "Bezold, Michael"]
[Black "Halkias, Stelios"]
[Result "1-0"]
[WhiteTitle "GM"]
[BlackTitle "GM"]
[WhiteElo "2509"]
[BlackElo "2534"]
[WhiteFideId "4601718"]
[BlackFideId "4201809"]
[EventDate "2015.10.13"]

1. c4 Nf6 2. g3 e6 3. Bg2 d5 4. Nf3 dxc4 5. Qa4+ Bd7 6. Qxc4 c5 7. Ne5 Qc8 8.
O-O Nc6 9. Nxd7 Qxd7 10. Nc3 Be7 11. Qa4 Nd5 12. Qg4 Nf6 13. Qa4 O-O 14. Bxc6
bxc6 15. d3 Rab8 16. Qc2 e5 17. Bg5 Nd5 18. Bxe7 Qxe7 19. Ne4 f5 20. Nxc5 Rf6
21. e4 Nc7 22. exf5 Nb5 23. Ne4 Rxf5 24. Qb3+ Qf7 25. Qxf7+ Rxf7 26. b3 Nd4 27.
Kg2 h6 28. Rac1 Rd7 29. Rc5 Rd5 30. Rfc1 Ne2 31. R1c2 Nd4 32. R2c4 Rbd8 33. Nc3
Rxc5 34. Rxc5 Nc2 35. Rxe5 Rxd3 36. Ne4 Ne1+ 37. Kf1 Nf3 38. Re8+ Kf7 39. Ra8
Nxh2+ 40. Ke2 Rd7 41. f3 g5 42. g4 Kg7 43. Ng3 Re7+ 44. Kf2 Rd7 45. Nf5+ Kh7 46.
Re8 h5 47. gxh5 g4 48. Kg3 Nxf3 49. Kxg4 Nd4 50. Nxd4 Rxd4+ 51. Kf5 Rd5+ 52. Ke6
Ra5 53. a4 Ra6 54. Rb8 Kh6 55. Kd6 Kxh5 56. Kc5 Kg6 57. Rc8 Kf5 58. Rxc6 Ra5+
59. Kc4 Ke4 60. Re6+ Kf5 61. Re7 Kf6 62. Rb7 a6 63. Kb4 Rd5 64. Rb6+ Ke7 65.
Rxa6 Kd7 66. Kc4 Rh5 67. Rg6 Kc7 68. b4 Rh4+ 69. Kb5 Rh5+ 70. Ka6 Rh4 71. Ka5
Kb7 72. b5 Rh5 73. Rg7+ Kb8 74. Ka6 1-0

[Event "World Blitz 2015"]
[Site "Berlin GER"]
[Date "2015.10.13"]
[Round "6.67"]
[White "Rasmussen, Allan Stig"]
[Black "Al-Sayed, Mohammed"]
[Result "0-1"]
[WhiteTitle "GM"]
[BlackTitle "GM"]
[WhiteElo "2498"]
[BlackElo "2520"]
[WhiteFideId "1406000"]
[BlackFideId "12100196"]
[EventDate "2015.10.13"]

1. e4 c5 2. d3 Nc6 3. f4 d5 4. Be2 dxe4 5. dxe4 Qxd1+ 6. Bxd1 Nf6 7. Nd2 b6 8.
c3 Bb7 9. Ngf3 e6 10. Bc2 Be7 11. e5 Nd5 12. Ne4 O-O 13. Bd2 Rfd8 14. g4 b5 15.
f5 b4 16. c4 Nb6 17. f6 Bf8 18. fxg7 Bxg7 19. Bg5 Nxe5 20. Nxe5 Bxe5 21. Bxd8
Rxd8 22. Rd1 Bd4 23. Rf1 Bxe4 24. Bxe4 Nxc4 25. Rf3 Nxb2 26. Rc1 Na4 27. Kf1 Nc3
28. Bd3 Nxa2 29. Rc2 Nc3 30. g5 a5 31. Rh3 Be5 32. Bxh7+ Kg7 33. Kg2 Rd4 34. Rf2
Rg4+ 35. Kf1 Rxg5 36. Bd3 f5 37. Bc4 Bd4 38. Rg2 Rxg2 39. Kxg2 e5 40. Rg3+ Kh6
41. Rg8 Nd1 42. Kf3 Ne3 43. Bf7 c4 44. Rg6+ Kh7 45. Ra6 Kg7 46. Be6 c3 47. Rc6
a4 48. h4 b3 49. h5 b2 50. h6+ Kxh6 51. Bxf5+ Kg7 52. Bb1 c2 53. Rxc2 Nxc2 54.
Bxc2 a3 55. Bb1 Kf6 56. Ba2 Kf5 57. Bb1+ Ke6 58. Ke4 Kd6 59. Ba2 Kc5 60. Kd3 Kb4
61. Kd2 e4 62. Kc2 e3 63. Kd3 b1=Q+ 64. Bxb1 Kb3 65. Kxd4 e2 0-1

[Event "World Blitz 2015"]
[Site "Berlin GER"]
[Date "2015.10.13"]
[Round "6.68"]
[White "Papin, Vasily"]
[Black "Hasangatin, Ramil"]
[Result "1/2-1/2"]
[WhiteTitle "GM"]
[BlackTitle "GM"]
[WhiteElo "2502"]
[BlackElo "2509"]
[WhiteFideId "4143183"]
[BlackFideId "4122160"]
[EventDate "2015.10.13"]

1. c4 e5 2. g3 Nf6 3. Bg2 h6 4. a3 c6 5. d4 exd4 6. Qxd4 d5 7. cxd5 cxd5 8. Nf3
Nc6 9. Qd3 Be6 10. b4 a6 11. O-O Be7 12. Bb2 O-O 13. Nbd2 Qd7 14. Rfd1 Rac8 15.
Rac1 Rfd8 16. Nb3 Bf5 17. Qe3 Be4 18. Nc5 Bxc5 19. Rxc5 Qe6 20. Rdc1 Nd7 21. Nd4
Qg6 22. Bxe4 dxe4 23. Nxc6 bxc6 24. R5c4 Re8 25. Qc3 Nb8 26. Rd4 Rcd8 27. Rcd1
Rxd4 28. Qxd4 Kh7 29. Qc3 Re7 30. Rd6 f6 31. Rd8 e3 32. Rxb8 Qb1+ 33. Qc1 exf2+
34. Kxf2 Qf5+ 35. Qf4 Qc2 36. Qf3 Qxb2 37. Rd8 Qe5 38. Rd2 c5 39. Qd3+ f5 40.
bxc5 Qxc5+ 41. e3 Qe5 42. Rc2 a5 43. Kg2 Qe4+ 44. Qxe4 Rxe4 45. Kf3 Ra4 46. Rc3
g5 47. Ke2 Kg6 48. h3 Kf6 49. Kd3 h5 50. Kc2 h4 51. gxh4 Rxh4 52. Rc6+ Ke5 53.
Kd3 Rxh3 54. Rc5+ Kf6 55. Ke2 a4 56. Rc4 Rh4 57. Rc6+ Ke5 58. Rc5+ Ke6 59. Rc6+
Kd5 60. Rg6 Rg4 61. Kf3 Rg1 62. Ra6 g4+ 63. Kf2 Ra1 64. Rxa4 Ke5 65. Ra5+ Kf6
66. Ra4 Kg5 67. Ra5 Kh4 68. Rxf5 Ra2+ 69. Kf1 Rxa3 70. e4 Kg3 71. Rb5 Ra1+ 72.
Ke2 Kh2 73. Rh5+ Kg2 74. e5 g3 75. e6 Ra8 76. e7 Re8 77. Re5 Kg1 78. Kf3 g2 79.
Re2 Kh1 80. Rxg2 Rxe7 1/2-1/2

[Event "World Blitz 2015"]
[Site "Berlin GER"]
[Date "2015.10.13"]
[Round "6.72"]
[White "Milanovic, Danilo"]
[Black "Teske, Henrik"]
[Result "1-0"]
[WhiteTitle "GM"]
[BlackTitle "GM"]
[WhiteElo "2469"]
[BlackElo "2475"]
[WhiteFideId "915483"]
[BlackFideId "4611500"]
[EventDate "2015.10.13"]

1. d4 Nf6 2. c4 g6 3. Nc3 Bg7 4. e4 O-O 5. Bg5 c5 6. d5 d6 7. f3 Nbd7 8. Nh3 a6
9. a4 Qb6 10. Qd2 Ne5 11. Nf2 e6 12. Be2 h6 13. Be3 exd5 14. cxd5 Kh7 15. O-O
Bd7 16. h3 Qb4 17. Qc2 b5 18. a5 Nc4 19. Bxc4 bxc4 20. Rae1 Rab8 21. Re2 Qxa5
22. f4 Nh5 23. Kh2 Rb3 24. g4 Rfb8 25. Nfd1 Nf6 26. e5 Ne8 27. Ne4 dxe5 28. f5
Rd3 29. fxg6+ fxg6 30. Rf7 Ba4 31. Qxc4 Rxd1 32. d6 Qb5 33. Qxb5 Bxb5 34. Ref2
Rd8 35. Bxc5 Bc6 36. Nc3 Rh1+ 37. Kg3 Nxd6 38. Rc7 Ne4+ 39. Nxe4 Bxe4 40. Rff7
Rd3+ 41. Kf2 Rh2+ 42. Ke1 Rh1+ 43. Ke2 Rh2+ 44. Bf2 Rxf2+ 45. Kxf2 h5 46. g5 Kg8
47. Rxg7+ Kf8 48. Rh7 Rf3+ 49. Ke2 Kg8 50. Rhe7 Bd5 51. Rc8+ Rf8 52. Rxf8+ Kxf8
53. Rxe5 Bc6 54. h4 Kf7 55. Ke3 Bb5 56. Kd4 Bf1 57. Kc5 Bd3 58. Kd6 Bf1 59. Re3
Bc4 60. Rf3+ Ke8 61. Rf6 Bd3 62. b4 1-0